000 01484nam a2200205Ia 4500
003 Ost
005 20260507075642.0
008 260507s9999||||xx |||||||||||||| ||und||
040 _cfsecg
041 _aara
082 _a346.07
100 _aديودار، هاني
_eمؤلف
245 0 _aالقانون التجاري :
_b"التنظيم القانوني للتجارة " الاعمال التجارية التجار الملكية التجارية والصناعية /
_c هاني ديودار
260 _aالإسكندرية:
_bدار الجامعة الجديدة,
_c2004
300 _a376 صفحة؛
_bإيضاحات ؛
_c24 سم
520 _aنطاق تطبيق القانون التجاري ، النظام القانوني للاعمال التجارية، الإختصاص القضائي في المواد التجارية، المهلة القضائية، ملكية المشروع التجاري، القيام بالأعمال التجارية على وجه الإستقلال، الاثار المترتبة على صفة التاجر، أثار القيد في السجل التجاري، الجزاءات الجنائية المتعلقة بالقيد في السجل، ملف المراسلات، الجزاءات الجنائية، المسؤولية عن أعمال المنافسة غير المشروعة، الملكية التجارية والصناعية
653 _aالتجارة
653 _aالقانون التجاري
942 _cكتاب
999 _c45431
_d45431